000 00562nam a22001817a 4500
005 20250201205705.0
008 250201b |||||||| |||| 00| 0 eng d
020 _a8123907818
050 _aRC87 AGG
100 _aAggarwal, Praveen
245 _aFirst Aid in Emergencies/
_cPraveen Aggarwal, Lakhi Ram Murmu, E. P. Pandu Ranga Rao
250 _a1st ed.
260 _aNew Delhi
_bCBS Publishers & Distributors
_c2002,2006
300 _axii. 161p.
_bill.
_c21.5cm
700 _aMurmu, Lakhi Ram
700 _aRao, E. P. Pandu Ranga
942 _2lcc
_cBK
_e1st ed.
_n0
999 _c3374
_d3374